Nou carilló al Palau de la Generalitat / por Ma. Dolors Coll
Publicado:
San Jorge, núm. 100 (abril 1977), pàg 36 - 38 :
MARC
| LEADER | 00000nam a2200000Ia 4500 | ||
|---|---|---|---|
| 001 | |||
| 008 | 160829s9999 xx 000 0 cat d | ||
| 100 | |a Coll, Maria Dolors |9 33719 | ||
| 245 | |a Nou carilló al Palau de la Generalitat / por Ma. Dolors Coll | ||
| 260 | |a San Jorge, núm. 100 (abril 1977), pàg 36 - 38 | ||
| 610 | 2 | 0 | |a Palau de la Generalitat de Catalunya |9 53043 |
| 650 | |a Carillons |x Catalunya |9 45143 | ||
| 650 | |a Instruments de teclat |9 45144 | ||
| 901 | |a Arxiu | ||
| 942 | |n 1 | ||
| 952 | |0 0 |1 0 |4 0 |7 1 |9 52392 |a Arxiu |b Arxiu |d 2016-12-01 |l 0 |r 2016-12-01 00:00:00 |w 2016-12-01 |y ARXIU | ||
| 999 | |c 56240 |d 56240 | ||